| 000 | 00387nam a2200169Ia 4500 | ||
|---|---|---|---|
| 008 | 210210b1908 xxu||||| |||| 00| 0 eng d | ||
| 041 | _aeng | ||
| 082 | _a829/269 | ||
| 100 | _aDICKENS (C) | ||
| 245 | _aOur mutual friend | ||
| 260 |
_aLondon _bMacmillan & Co. Ltd. _c1908 |
||
| 650 | _aOur | ||
| 650 | _amutual | ||
| 650 | _afriend | ||
| 690 | _aEnglish Fiction | ||
| 906 | _a016874 | ||
| 999 |
_c136732 _d136732 |
||